Artists by Initials - Statistics

General Stats
  • This quiz has been taken 249 times
  • The average score is 10 of 20
Answer Stats
Abv. Artist % Correct
RHCP Red Hot Chili Peppers
84%
NIN Nine Inch Nails
82%
GNR Guns N' Roses
81%
CCR Creedence Clearwater Revival
73%
RATM Rage Against The Machine
72%
MGK Machine Gun Kelly
70%
ELO Electric Light Orchestra
67%
SOAD System of a Down
66%
MCR My Chemical Romance
64%
QOTSA Queens of the Stone Age
62%
MB20 Matchbox Twenty
37%
STP Stone Temple Pilots
34%
TOP Twenty One Pilots
32%
A7X Avenged Sevenfold
28%
CSNY Crosby, Stills, Nash & Young
26%
BTO Bachman-Turner Overdrive
20%
EWF Earth Wind & Fire
16%
DMB Dave Matthews Band
15%
SRV Stevie Ray Vaughn
14%
OMD Orchestral Maneuvers in the Dark
11%
No matching quizzes found
Score Distribution
Percent of People with Each Score
Percentile by Number Answered
Your Score History
You have not taken this quiz